000 00474nam a2200181Ia 4500
008 230917s9999||||xx |||||||||||||| ||und||
020 _cUSD149.95
040 _e217257
_aMAIN
041 _aEnglish
082 _a910.02 A18D(3)
100 _aArbogast, Alan F
245 0 _aDiscovering physical geography
250 _a3rd ed.
260 _aHoboken
_bJohn Wiley
_c2014
300 _avii, 598 p.
500 _a1572 04/06/2014 1002623 05/06/2014 Main Budget
942 _cBK
999 _c11632
_d11632